Receive all God has to give. (Record no. 12750)

000 -LEADER
fixed length control field 00499nam a2200169 a 4500
001 - CONTROL NUMBER
control field :::00010564$&:&@@
003 - CONTROL NUMBER IDENTIFIER
control field OkBaRHE
005 - DATE AND TIME OF LATEST TRANSACTION
control field 20000607103400.0
008 - FIXED-LENGTH DATA ELEMENTS--GENERAL INFORMATION
fixed length control field s1971 j 000 0 eng u
040 ## - CATALOGING SOURCE
Transcribing agency
245 10 - TITLE STATEMENT
Title Receive all God has to give.
260 ## - PUBLICATION, DISTRIBUTION, ETC. (IMPRINT)
Place of publication, distribution, etc Edmonds, WA., :
Name of publisher, distributor, etc Aglow Publications
Date of publication, distribution, etc c1971
300 ## - PHYSICAL DESCRIPTION
Extent 28 p. ;
Dimensions 14 cm.
650 ## - SUBJECT ADDED ENTRY--TOPICAL TERM
Topical term or geographic name as entry element Christian Life
942 ## - ADDED ENTRY ELEMENTS (KOHA)
Source of classification or shelving scheme
Koha item type Books
Copies
Barcode Damaged status Withdrawn status Full call number Date acquired Shelving location Source of classification or shelving scheme Permanent Location Copy number Price effective from Date last seen Not for loan Koha item type Lost status
10564  BV 4501 .R42010-04-14General Stacks RHEMA Bible Training College12010-04-142010-04-14 Books